000 00339pab a2200157 454500
008 180718b2008 xxu||||| |||| 00| 0 eng d
100 _aPatil, Prema B.
245 _aSafe ageing
260 _c2008
300 _ap.35-36.
362 _aOct
650 _aAgeing populations
773 _aSocial Welfare
908 _aN
909 _a80626
999 _c80626
_d80626